| 000 | 00634nam a22001937a 4500 | ||
|---|---|---|---|
| 999 |
_c21301 _d21301 |
||
| 003 | AR-CdUCM | ||
| 008 | 190411b ||||| |||| 00| 0 spa d | ||
| 040 |
_aMUNICIPALIDAD PROVINCIAL DEL CUSCO _cBIBLIOTECA MUNICIPAL DEL CUSCO |
||
| 082 |
_aEP/869/M36 _bM36 |
||
| 100 |
_aMedina Romani, Abraham _944467 |
||
| 245 |
_aUn puente hacia la maravilla / _cAbraham Medina |
||
| 260 |
_aCusco ; _bValencia Graff, _c2018. |
||
| 300 |
_a147 Páginas. : _bilustraciones ; _c22 cm. |
||
| 650 |
_aLiteratura peruana _944468 |
||
| 650 |
_aLiteratura infantil _9588 |
||
| 650 |
_aLiteratura cusqueña _944463 |
||
| 942 |
_2ddc _cLIBROS |
||
| 945 | _aRoel | ||